| 000 | 00682 a2200229 4500 | ||
|---|---|---|---|
| 003 | Nust | ||
| 005 | 20170207165830.0 | ||
| 010 | _a 2008941076 | ||
| 020 | _a1402095945 (hbk.) | ||
| 020 | _a1402095953 (ebk.) | ||
| 020 | _a9781402095948 (hbk.) | ||
| 020 | _a9781402095955 (ebk.) | ||
| 035 | _a(OCoLC)ocn315067131 | ||
| 040 | _cNust | ||
| 082 | 0 | 4 | _a511.3 |
| 100 | 1 | _aSteinbach, Bernd. | |
| 245 | 1 | 0 |
_aLogic functions and equations (E-BOOK) _bexamples and exercises / _cBernd Steinbach, Christian Posthoff. |
| 260 |
_a[Dordrecht] : _bSpringer, _cc2009. |
||
| 300 |
_axxii, 231 p. : _bill. ; _c25 cm. |
||
| 650 | 0 | _aLogic, Symbolic and mathematical | |
| 700 | 1 | _aPosthoff, Christian. | |
| 942 |
_2ddc _cBK |
||
| 999 |
_c213272 _d213272 |
||